Les numéros des pilotes en F1 - Statistiques

Statistiques générales
  • Ce quiz a été pris 559 fois
  • Le résultat moyen est 28 sur 51
Statistiques - réponses
Numéro Réponse Indice % Correct
1 / 33 Max Verstappen Seul champion a l'avoir voulu
94%
16 Charles Leclerc Pilote monégasque
90%
44 Lewis Hamilton 7 titres pour ce pilote tout le temps motorisé par Mercedes
90%
7 Kimi Raikkonen Ice Man
86%
18 Lance Stroll C'est son père qui contrôle Aston Martin
86%
3 Daniel Ricciardo Plusieurs victoires a son actif dont une a Monaco
85%
4 Lando Norris Sa monoplace a toujours était Orange
83%
10 Pierre Gasly Victoire a Monza
83%
23 Alex Albon A la fois Thaï et anglais
82%
81 Oscar Piastri Australien géré par Mark Webber
81%
5 Sebastian Vettel Quadruple champion du monde
80%
55 Carlos Sainz Jr Son père est champion du monde des rallyes
78%
24 Guanyu Zhou Premier chinois titulaire
78%
47 Mick Schumacher Fils d'un septuple champion du monde
78%
77 Valtteri Bottas Il a fait Williams, Mercedes puis Alfa Romeo
78%
22 Yuki Tsunoda Si on l'entend à la radio c'est pas bon signe, Japonais
78%
14 Fernando Alonso Double champion du monde avec un moteur français
77%
31 Esteban Ocon Il profite du chaos pour signer une victoire en Hongrie
76%
17 Jules Bianchi Son numéro fut retiré après sa mort en hommage
74%
8 Romain Grosjean Le survivant de Bahreïn
74%
63 George Russell Il a permit a Williams de revoir la lumière après plusieurs années difficiles
73%
9 Nikita Mazepin Russe, son contrat fut rompu
73%
11 Sergio Perez Il gagne sa première course après s'être crashé et être reparti dernier
71%
27 Nico Hulkenberg Actuellement celui qui compte le plus de GP disputés sans podium
67%
6 Nico Rosberg Quand il l'a obtenu, il s'est retiré
63%
99 Antonio Giovinazzi Cet italien a inscrit 21 points en F1, et a fini en 2021
62%
19 Felipe Massa Champion pendant une trentaine de secondes
57%
6 Nicholas Latifi Connu pour la controverse de 2021
56%
20 Kevin Magnussen Podium pour son premier GP puis plus rien
55%
2 Logan Sargeant Il roule pour Williams a ses débuts
52%
22 Jenson Button Titré chez Brawn GP
48%
26 Daniil Kvyat Viré apres 4 courses chez Red Bull en 2016
47%
21 Nyck de Vries En remplaçant un Thaïlandais il a trouvé un baquet
35%
13 Pastor Maldonado Connu pour ses crashs, il remporte un GP depuis la pole
35%
2 Stoffel Vandoorne Un Belge
34%
9 Marcus Ericsson Suédois, vainqueur des 500 miles d'Indianapolis
31%
53 Alexander Rossi Vainqueur des 500 miles d'Indianapolis, son nom est connu en Motogp
30%
88 Robert Kubica Il se casse la jambe, avant de gagné le même GP l'année suivante
28%
25 Jean-Eric Vergne Frenchie de la filière Red Bull
27%
35 Sergey Sirotkin 1 seul point en 2018 chez Williams pour ce pilote russe
27%
21 Esteban Gutierrez Mexicain
22%
99 Adrian Sutil Son accident a Suzuka, a fait venir une grue sur la piste
21%
30 Jolyon Palmer Ses initiales sont JP et il a couru pour Renault
20%
94 Pascal Wehrlein Allemand, il est pilote Manor, et termine dans les points en Autriche
18%
10 Kamui Kobayashi 1 Podium au Japon
17%
89 Jack Aitken Remplaçant une fois, il attend son heure, il est anglais
16%
12 Felipe Nasr Il fut remplacé alors qu'il a sauvé Sauber lors du dernier GP
15%
88 Rio Haryanto Seul Indonésien a avoir couru
15%
4 Max Chilton Connu chez Marussia
14%
98 Roberto Merhi Espagnol, il fait de la f1 avant de faire de la f2
12%
28 Brendon Hartley / Will Stevens Souvent en fond de grille, ils n'ont pas pu aller plus loin
10%
Aucun quiz correspondant
Distribution des résultats
% des personnes avec chaque résultat
Percentile par nombre de réponses
Votre historique - résultats
Vous n’avez pas pris ce quiz